| 000 | 01016naa a22002657a 4500 | ||
|---|---|---|---|
| 001 | BR9405422 | ||
| 003 | BR-BrBNA | ||
| 005 | 20240918181244.0 | ||
| 007 | ta | ||
| 008 | 230509b bl.||||| |||| 00| 0 por d | ||
| 040 |
_aBR-BrBNA _bpor _cBiblioteca Nacional de Agricultura |
||
| 041 | _a(Pt) | ||
| 072 | _aL60 | ||
| 090 | _aL60 BR9405422 | ||
| 100 | 1 | _aAveline, L.C. | |
| 100 | 1 | _aCosta, C.C.C. da | |
| 245 | 1 | _aFauna silvestre | |
| 260 | 3 |
_aRio de Janeiro, RJ (Brasil): _c1993. |
|
| 500 | _aCaldeiron, S.S.(coord.) Recursos naturais e meio ambiente: uma visao do Brasil Rio de Janeiro, RJ (Brasil): 1993. p. 69-88 (BR9405422-AM)L60 | ||
| 650 | _aFauna Silvestre | ||
| 650 | _aTaxonomia Animal | ||
| 773 | 0 |
_tRecursos naturais e meio ambiente: uma visao do Brasil _aCaldeiron, S.S.(coord.). Fundacao Instituto Brasileiro de Geografia e Estatistica, Rio de Janeiro, RJ (Brasil) _wL60 BR9405422 _gRio de Janeiro, RJ (Brasil), 1993. p. 69-88 |
|
| 909 |
_a202404 _bLucia _c55 _dLucia Elande |
||
| 942 |
_cAM _2AGRIS |
||
| 999 |
_c324379 _d324379 |
||